Tous les cantons du Bas-Rhin sur une carte - Statistiques

Statistiques générales
  • Ce quiz a été pris 116 fois
  • Le résultat moyen est 15 sur 23
Réponses sur la Carte
Les réponses sont colorées sur une échelle allant du rouge au vert en fonction du pourcentage des utilisateurs qui les ont devinées à leur premier essai. Vous pouvez retrouver ces pourcentages ci-dessous.
 
Statistiques - réponses
Canton % Correct
Strasbourg-1
100%
Strasbourg-2
100%
Strasbourg-3
100%
Strasbourg-4
100%
Strasbourg-5
100%
Strasbourg-6
100%
Haguenau
96%
Sélestat
94%
Saverne
87%
Molsheim
82%
Illkirch-Graffenstaden
78%
Wissembourg
73%
Obernai
70%
Schiltigheim
60%
Brumath
54%
Erstein
52%
Lingolsheim
48%
Bischwiller
31%
Mutzig
31%
Bouxwiller
28%
Ingwiller
27%
Hœnheim
24%
Reichshoffen
15%
Aucun quiz correspondant
Distribution des résultats
% des personnes avec chaque résultat
Percentile par nombre de réponses
Votre historique - résultats
Vous n’avez pas pris ce quiz